Študijný program školský rok ...

Bibliographic Details
Corporate Author: Vysoká škola dopravy a spojov v Žiline (Author)
Format: Serial
Language:Slovak
PhysicalDescription:zv. 21 cm
Published: Žilina Vysoká škola dopravy a spojov
ISBN:8071003158 (brož. : 1996/1997/1)
8071003514 (brož. : 1996/1997)
Subjects:

MARC

LEADER 00000cas a2200000 a 4500
001 vtls001414267
003 SK-MaSNL
005 20260228160140.0
008 130607d19uuuuuuxo ar 0 0 0slo
015 |a SNBE1997/0300854 (r. 1996/1997)  |a SNBE2002/01-00294 (r. 1996/1997/1) 
020 |a 8071003158 (brož. : 1996/1997/1) 
020 |a 8071003514 (brož. : 1996/1997) 
035 |a SNK000368990 
040 |a SNK  |b slo  |c SNK  |e AACR2 
041 0 |a slo 
043 |a e-xo--- 
044 |a xo  |c SK 
072 7 |a 371  |x Školstvo (organizácia)  |2 konspekt 
080 |a (058)  |2 2011 
080 |a 437.641  |2 2011 
080 |a (073)  |2 2011 
080 |a 050  |2 2011 
080 |a (036)  |2 2011 
110 2 |a Vysoká škola dopravy a spojov v Žiline  |4 aut 
245 1 0 |a Študijný program  |b školský rok ...  |c Fakulta riadenia VŠDS v Žiline 
260 |a Žilina  |b Vysoká škola dopravy a spojov 
300 |a zv.  |c 21 cm 
610 2 7 |a Žilinská univerzita v Žiline.  |b Fakulta riadenia  |2 SNKKA  |9 156066 
650 0 7 |a študijné programy  |2 SNKPH  |9 75147 
651 7 |a Žilina (Slovensko : okres)  |2 SNKPHgeo  |9 56327 
655 7 |a informačné publikácie  |2 SNKPH  |9 70181 
655 7 |a ročenky  |2 SNKPH  |9 57146 
910 |a snk 
919 |a 80-7100-315-8 
919 |a 80-7100-351-4 
999 |c 1708  |d 3638 
952 |0 0  |1 0  |4 0  |7 0  |a SNK  |b SNK  |d 1997-03-20  |i snk1267/970327  |l 0  |o snkC 684  |r 2005-01-02 00:00:00  |w 2026-02-21  |y NEVYP 
952 |0 0  |1 0  |4 0  |7 0  |8 0  |a SNK  |b SNK  |d 1997-03-20  |i snkKSP 2989/97  |l 0  |o snkČSD 219/E/1996-1997/1  |p 17A0121042  |r 2005-01-02 00:00:00  |w 2026-02-21  |y PREZ 
952 |0 0  |1 0  |4 0  |7 0  |8 0  |a SNK  |b SNK  |d 1997-03-20  |i snkKSP 2990/97  |l 0  |o snkČSD 219/E/1996-1997/1 D1  |p 17A0055212  |r 2005-01-02 00:00:00  |w 2026-02-21  |y PREZ 
952 |0 0  |1 0  |4 0  |7 0  |a SNK  |b SNK  |d 1997-07-10  |l 0  |o snkČSD 219/E/1995-1996 D1  |p 17A0080950  |r 2005-01-02 00:00:00  |w 2026-02-21  |y PREZ 
952 |0 0  |1 0  |4 0  |7 0  |a SNK  |b SNK  |d 2001-06-01  |i snkKSP 6835/2001  |l 0  |o snkČSD 219/E/1996-1997  |p 17A0302124  |r 2005-01-02 00:00:00  |w 2026-02-21  |y PREZ 
952 |0 0  |1 0  |4 0  |7 0  |a SNK  |b SNK  |d 2001-06-01  |i snkKSP 6836/2001  |l 0  |o snkČSD 219/E/1996-1997 D1  |p 17A0302123  |r 2005-01-02 00:00:00  |w 2026-02-21  |y PREZ